[Event "GER-ch Blitz 2019"]
[Site "Magdeburg"]
[Date "2019.05.25"]
[Round "4.3"]
[White "Kopylov, Daniel"]
[Black "Heidrich, Manfred"]
[Result "0-1"]
[WhiteElo "2263"]
[BlackElo "2351"]
[Annotator "NA"]
[PlyCount "110"]
[EventDate "2019.05.25"]
[EventType "tourn"]
[EventCountry "GER"]
[Tiebreak "Number of wins+Number of black wins"]
[SourceTitle "playchess.com"]
[Source "ChessBase"]
[SourceQuality "1"]
[TimeControl "180+2"]

1. e4 {[%emt 0:00:00]} c5 {[%emt 0:00:00]} 2. Nf3 {[%emt 0:00:00]} Nf6 {
[%emt 0:00:00]} 3. Nc3 {[%emt 0:00:02]} Nc6 {[%emt 0:00:01]} 4. d4 {[%emt 0:00:
04]} d5 {[%emt 0:00:02]} 5. exd5 {[%emt 0:00:07]} Nxd5 {[%emt 0:00:00]} 6. Nxd5
{[%emt 0:00:05]} Qxd5 {[%emt 0:00:01]} 7. dxc5 {[%emt 0:00:09]} Qxc5 {[%emt 0:
00:08]} 8. c3 {[%emt 0:00:05]} e5 {[%emt 0:00:10]} 9. Be3 {[%emt 0:00:01]} Qa5
{[%emt 0:00:00]} 10. Bc4 {[%emt 0:00:04]} Be7 {[%emt 0:00:03]} 11. Qd5 {
[%emt 0:00:10]} Qxd5 {[%emt 0:00:02]} 12. Bxd5 {[%emt 0:00:01]} f6 {[%emt 0:00:
04]} 13. O-O-O {[%emt 0:00:04]} Bf5 {[%emt 0:00:06]} 14. Nh4 {[%emt 0:00:07]}
Bd7 {[%emt 0:00:04]} 15. Bf7+ {[%emt 0:00:05]} Kxf7 {[%emt 0:00:08]} 16. Rxd7 {
[%emt 0:00:01]} Rab8 {[%emt 0:00:02]} 17. Rhd1 {[%emt 0:00:10]} Ke6 {[%emt 0:
00:03]} 18. g4 {[%emt 0:00:37]} Rhd8 {[%emt 0:00:04]} 19. Rxd8 {[%emt 0:00:03]}
Rxd8 {[%emt 0:00:01]} 20. Nf5 {[%emt 0:00:03]} Rxd1+ {[%emt 0:00:04]} 21. Kxd1
{[%emt 0:00:01]} Bf8 {[%emt 0:00:01]} 22. h4 {[%emt 0:00:04]} g6 {[%emt 0:00:
01]} 23. Ng3 {[%emt 0:00:02]} f5 {[%emt 0:00:06]} 24. gxf5+ {[%emt 0:00:02]}
gxf5 {[%emt 0:00:00]} 25. Bc1 {[%emt 0:00:16]} f4 {[%emt 0:00:15]} 26. Ne4 {
[%emt 0:00:01]} h5 {[%emt 0:00:05]} 27. f3 {[%emt 0:00:14]} Be7 {[%emt 0:00:01]
} 28. Bd2 {[%emt 0:00:01]} Bxh4 {[%emt 0:00:13]} 29. Nc5+ {[%emt 0:00:04]} Kf5
{[%emt 0:00:01]} 30. Nxb7 {[%emt 0:00:01]} Be7 {[%emt 0:00:03]} 31. b4 {
[%emt 0:00:08]} e4 {[%emt 0:00:06]} 32. fxe4+ {[%emt 0:00:10]} Kxe4 {[%emt 0:
00:01]} 33. Ke2 {[%emt 0:00:00]} Ne5 {[%emt 0:00:05]} 34. Na5 {[%emt 0:00:06]}
h4 {[%emt 0:00:06]} 35. Nb3 {[%emt 0:00:09]} f3+ {[%emt 0:00:12]} 36. Kf1 {
[%emt 0:00:03]} Ng4 {[%emt 0:00:10]} 37. Be1 {[%emt 0:00:10]} h3 {[%emt 0:00:
07]} 38. Kg1 {[%emt 0:00:29]} h2+ {[%emt 0:00:08]} 39. Kh1 {[%emt 0:00:01]} Bd6
{[%emt 0:00:00]} 40. Nd2+ {[%emt 0:00:03]} Kf4 {[%emt 0:00:12]} 41. c4 {
[%emt 0:00:03]} f2 {[%emt 0:00:20]} 42. Bxf2 {[%emt 0:00:06]} Nxf2+ {[%emt 0:
00:00]} 43. Kxh2 {[%emt 0:00:02]} Ke3+ {[%emt 0:00:01]} 44. Kg2 {[%emt 0:00:01]
} Kxd2 {[%emt 0:00:01]} 45. c5 {[%emt 0:00:06]} Ne4 {[%emt 0:00:04]} 46. Kf3 {
[%emt 0:00:02]} Kd3 {[%emt 0:00:01]} 47. cxd6 {[%emt 0:00:02]} Nxd6 {[%emt 0:
00:01]} 48. Kf4 {[%emt 0:00:06]} Kc4 {[%emt 0:00:01]} 49. Ke5 {[%emt 0:00:00]}
Nb5 {[%emt 0:00:01]} 50. a4 {[%emt 0:00:01]} Kxb4 {[%emt 0:00:08]} 51. axb5 {
[%emt 0:00:04]} Kxb5 {[%emt 0:00:01]} 52. Kd4 {[%emt 0:00:01]} Kb4 {[%emt 0:00:
01]} 53. Kd3 Kb3 54. Kd4 {[%emt 0:00:01]} a5 {[%emt 0:00:01]} 55. Kc5 {[%emt 0:
00:01]} a4 {[%emt 0:00:00]} 0-1

[Event "GER-ch Blitz 2019"]
[Site "Magdeburg"]
[Date "2019.05.25"]
[Round "4.4"]
[White "Kirchner, Thomas"]
[Black "Schmaltz, Roland"]
[Result "1-0"]
[WhiteElo "2311"]
[BlackElo "2461"]
[Annotator "TA"]
[PlyCount "116"]
[EventDate "2019.05.25"]
[EventType "tourn"]
[EventCountry "GER"]
[Tiebreak "Number of wins+Number of black wins"]
[SourceTitle "playchess.com"]
[Source "ChessBase"]
[SourceQuality "1"]

{[%evp 9,116,18,36,27,37,27,41,0,10,-61,-64,-69,-70,-72,-13,-31,-12,-20,-9,-15,
-11,-28,-26,-55,-55,-88,-84,-70,-37,-67,-34,-55,-42,-68,-34,-58,-24,-35,-8,-33,
0,0,0,0,0,-3,-8,-137,-135,-129,-130,-125,-122,-125,-131,-126,-116,-133,-133,
-125,-13,-18,-16,-15,0,0,0,0,0,0,0,0,0,0,0,0,0,0,0,0,0,0,0,0,0,0,0,-234,0,0,8,
0,0,-8,12,0,0,0,0,0,0,0,0,0,0,0,0,0,0]} 1. e4 d6 2. d4 Nf6 3. Bd3 g6 4. Ne2 Bg7
5. O-O O-O 6. f3 {B07: Pirc Defence: Miscellaneous Systems} e5 (6... c5 7. c3
Nc6 8. Be3 b6 9. a4 Bd7 10. Na3 Rb8 11. h3 cxd4 12. cxd4 Nb4 13. Bb5 a6 14.
Bxd7 Qxd7 15. Qb3 {1-0 (46) Lewtak,D (2344)-Szpar,M (2241) Darlowo 2017}) 7. c3
Nc6 8. Be3 {White is slightly better.} d5 9. exd5 (9. h3 $11) 9... Nxd5 $15 10.
Bf2 exd4 11. cxd4 $146 {[#]} ({Predecessor:} 11. Nxd4 Nxd4 12. Bxd4 Bxd4+ 13.
cxd4 {0-1 (35) Betancourt,J (1898)-Bendel,L (1937) Koblenz 2006}) 11... Nb6 (
11... Nxd4 $1 $17 {[%mdl 512]} 12. Nxd4 Nf4) 12. Be4 $11 Nb4 13. Nbc3 c6 14.
Re1 Re8 15. a3 N4d5 16. Rc1 Be6 17. Na4 Nxa4 18. Qxa4 Qd7 19. Rcd1 a6 20. h3
Rad8 21. Qa5 Bh6 22. Bxd5 Bxd5 23. Nc3 Bb3 24. Ra1 Bg7 25. Qb6 Bd5 26. Rad1 f5
27. Kh1 Bf7 28. Kg1 (28. Rxe8+ $11 Rxe8 29. Bg3) 28... Rxe1+ $17 29. Rxe1 Bxd4
30. Bxd4 Qxd4+ 31. Qxd4 Rxd4 {[%mdl 4096] Endgame KRB-KRN} 32. Re7 {[#]} b5 $1
33. Ra7 Rd2 34. Rxa6 {[#]} Rxb2 (34... Be8 $1 $17 35. b4 Rc2) 35. Rxc6 $11 Rb3
36. Rc7 f4 37. a4 b4 38. Ne4 Rb1+ 39. Kh2 $1 b3 40. Rb7 Ra1 41. Nd2 Ra3 42. a5
Bd5 43. Rb5 Be6 44. a6 Rxa6 45. Nxb3 Ra2 46. Rb8+ Kf7 47. Rb7+ Kf6 48. Rb6 $2 (
48. Nc5 $11 {and White stays safe.}) 48... Ke5 $2 (48... Rb2 $19 49. Rxe6+ Kxe6
50. Nc5+ Kf5) 49. Nc5 {The position is equal.} Bc4 50. Rb1 g5 51. Re1+ Kd4 52.
Ne4 h6 53. Nf6 Be2 {...Bxf3 is the strong threat.} 54. Kg1 Bd3 55. Ng4 h5 56.
Nf6 h4 57. Ne4 Bxe4 58. Rxe4+ Kd5 {[%mdl 32768] Accuracy: White = 53%, Black =
49%. . Sensor Board Error (Ke4/e5)?} 1-0

[Event "GER-ch Blitz 2019"]
[Site "Magdeburg"]
[Date "2019.05.25"]
[Round "4.5"]
[White "Stein, Robert"]
[Black "Kopylov, Michael"]
[Result "1/2-1/2"]
[WhiteElo "2318"]
[BlackElo "2413"]
[Annotator "NA"]
[PlyCount "58"]
[EventDate "2019.05.25"]
[EventType "tourn"]
[EventCountry "GER"]
[Tiebreak "Number of wins+Number of black wins"]
[SourceTitle "playchess.com"]
[Source "ChessBase"]
[SourceQuality "1"]
[TimeControl "180+2"]

1. d4 {[%emt 0:00:00]} d5 {[%emt 0:00:00]} 2. c4 {[%emt 0:00:01]} e6 {[%emt 0:
00:01]} 3. Nf3 {[%emt 0:00:01]} c6 {[%emt 0:00:01]} 4. g3 {[%emt 0:00:03]} dxc4
{[%emt 0:00:02]} 5. Bg2 {[%emt 0:00:04]} b5 {[%emt 0:00:00]} 6. Ne5 {[%emt 0:
00:03]} Bb7 {[%emt 0:00:01]} 7. a4 {[%emt 0:00:06]} a6 {[%emt 0:00:04]} 8. Nc3
{[%emt 0:00:02]} Qb6 {[%emt 0:00:10]} 9. O-O {[%emt 0:00:12]} Nf6 {[%emt 0:00:
01]} 10. e4 {[%emt 0:00:24]} Nbd7 {[%emt 0:00:03]} 11. Nxd7 {[%emt 0:00:02]}
Nxd7 {[%emt 0:00:01]} 12. d5 {[%emt 0:00:01]} cxd5 {[%emt 0:00:51]} 13. exd5 {
[%emt 0:00:01]} e5 {[%emt 0:00:01]} 14. Be3 {[%emt 0:00:19]} Bc5 {[%emt 0:00:
06]} 15. Bxc5 {[%emt 0:00:01]} Nxc5 {[%emt 0:00:05]} 16. Qh5 {[%emt 0:00:08]}
O-O {[%emt 0:00:08]} 17. Qxe5 {[%emt 0:00:04]} Nd3 {[%emt 0:00:02]} 18. Qe2 {
[%emt 0:00:07]} Rfe8 {[%emt 0:00:02]} 19. Qd2 {[%emt 0:00:02]} Rad8 {[%emt 0:
00:05]} 20. axb5 {[%emt 0:00:03]} axb5 21. b4 {[%emt 0:00:19]} Nxb4 {[%emt 0:
00:47]} 22. Rab1 {[%emt 0:00:03]} Qc5 {[%emt 0:00:16]} 23. Ne4 {[%emt 0:00:34]}
Rxe4 {[%emt 0:00:31]} 24. Qxb4 {[%emt 0:00:01]} Qxb4 {[%emt 0:00:07]} 25. Rxb4
{[%emt 0:00:01]} Rd4 {[%emt 0:00:04]} 26. Rxb5 Bxd5 {[%emt 0:00:02]} 27. Rc5 {
[%emt 0:00:16]} Bxg2 {[%emt 0:00:05]} 28. Kxg2 {[%emt 0:00:01]} h6 {[%emt 0:00:
04]} 29. Rc1 {[%emt 0:00:02]} R8d6 {[%emt 0:00:11]} 1/2-1/2

[Event "GER-ch Blitz 2019"]
[Site "Magdeburg"]
[Date "2019.05.25"]
[Round "4.6"]
[White "Ehmann, Thilo"]
[Black "Zuyev, Igor"]
[Result "1/2-1/2"]
[WhiteElo "2291"]
[BlackElo "2447"]
[Annotator "TA"]
[PlyCount "54"]
[EventDate "2019.05.25"]
[EventType "tourn"]
[EventCountry "GER"]
[Tiebreak "Number of wins+Number of black wins"]
[SourceTitle "playchess.com"]
[Source "ChessBase"]
[SourceQuality "1"]

{[%evp 25,54,34,37,5,12,-18,-18,-18,-18,-20,-37,-26,-26,-28,-32,-33,-9,-13,-10,
-15,-8,-10,-3,-14,-14,-14,0,-29,-12,-14,-4]} 1. e4 c5 2. Nf3 g6 3. d4 cxd4 4.
Nxd4 Nc6 5. c4 Nf6 6. Nc3 d6 7. Be2 Nxd4 8. Qxd4 Bg7 9. Be3 O-O 10. Qd2 Be6 11.
O-O Qa5 12. Rac1 Rfc8 13. b3 a6 14. Nd5 {B36: Sicilian: Maroczy Bind:
Gurgenidze System} (14. f4 b5 15. f5 Bd7 16. fxg6 hxg6 17. e5 b4 18. exf6 bxc3
19. Rxc3 Bxf6 20. Rd3 Qxd2 21. Rxd2 Bc6 22. Bd4 {1/2-1/2 (22) Mousavi,S (2470)
-Pourramezanali,A (2536) Shiraz 2018}) 14... Qxd2 15. Nxf6+ (15. Bxd2 {is more
complex.} Bxd5 16. exd5 Ne4 17. Ba5 Rab8 18. g4) 15... Bxf6 16. Bxd2 b5 17.
cxb5 axb5 {...Rxc1 is the strong threat.} 18. Rxc8+ Bxc8 19. Bxb5 Rxa2 20. Be3
Rb2 $146 ({Predecessor:} 20... Be6 21. Bc4 Kg7 {1-0 (59) Ferenc,J (2095)
-Mickiewicz,P (2347) Koszalin 2008}) 21. Bc4 $1 Be6 22. h3 Kg7 23. Rd1 h6 24.
Bxe6 fxe6 25. Rd3 g5 26. g3 Kf7 27. Kg2 Rc2 1/2-1/2

[Event "GER-ch Blitz 2019"]
[Site "Magdeburg"]
[Date "2019.05.25"]
[Round "4.7"]
[White "Frischmann, Rick"]
[Black "Braeuer, Franz"]
[Result "1-0"]
[WhiteElo "2320"]
[BlackElo "2445"]
[Annotator "NA"]
[PlyCount "101"]
[EventDate "2019.05.25"]
[EventType "tourn"]
[EventCountry "GER"]
[Tiebreak "Number of wins+Number of black wins"]
[SourceTitle "playchess.com"]
[Source "ChessBase"]
[SourceQuality "1"]
[TimeControl "180+2"]

1. e4 {[%emt 0:00:00]} c5 {[%emt 0:00:00]} 2. Nf3 {[%emt 0:00:01]} d6 {[%emt 0:
00:00]} 3. Bb5+ {[%emt 0:00:01]} Nd7 4. Ba4 a6 {[%emt 0:00:06]} 5. c4 {[%emt 0:
00:01]} Ngf6 {[%emt 0:00:10]} 6. O-O {[%emt 0:00:02]} e6 {[%emt 0:00:06]} 7.
Nc3 {[%emt 0:00:04]} Be7 {[%emt 0:00:01]} 8. d4 {[%emt 0:00:01]} cxd4 {[%emt 0:
00:01]} 9. Qxd4 {[%emt 0:00:00]} O-O {[%emt 0:00:09]} 10. Rd1 {[%emt 0:00:01]}
Qc7 {[%emt 0:00:06]} 11. Bxd7 {[%emt 0:00:02]} Bxd7 {[%emt 0:00:04]} 12. Bf4 {
[%emt 0:00:15]} Bc6 {[%emt 0:00:51]} 13. Bxd6 {[%emt 0:00:32]} Bxd6 {[%emt 0:
00:01]} 14. Qxd6 {[%emt 0:00:00]} Qxd6 {[%emt 0:00:02]} 15. Rxd6 {[%emt 0:00:
01]} Bxe4 {[%emt 0:00:24]} 16. Nxe4 {[%emt 0:00:27]} Nxe4 {[%emt 0:00:01]} 17.
Rd4 {[%emt 0:00:17]} Nf6 {[%emt 0:00:01]} 18. Rad1 {[%emt 0:00:01]} Rac8 {
[%emt 0:00:06]} 19. b4 {[%emt 0:00:01]} h6 {[%emt 0:00:19]} 20. Ne5 {[%emt 0:
00:01]} a5 {[%emt 0:00:10]} 21. a3 {[%emt 0:00:29]} axb4 22. axb4 {[%emt 0:00:
01]} Ra8 {[%emt 0:00:24]} 23. f3 {[%emt 0:00:18]} Ra4 {[%emt 0:00:06]} 24. b5 {
[%emt 0:00:13]} g6 {[%emt 0:00:11]} 25. c5 {[%emt 0:00:26]} Rxd4 {[%emt 0:00:
12]} 26. Rxd4 {[%emt 0:00:01]} Nd5 {[%emt 0:00:05]} 27. Ra4 {[%emt 0:00:09]}
Rc8 {[%emt 0:00:03]} 28. Ra7 {[%emt 0:00:20]} Rxc5 {[%emt 0:00:10]} 29. Rxb7 {
[%emt 0:00:01]} Nc7 {[%emt 0:00:06]} 30. b6 {[%emt 0:00:03]} Nd5 {[%emt 0:00:
02]} 31. Nxf7 {[%emt 0:00:06]} Rb5 {[%emt 0:00:00]} 32. Nxh6+ {[%emt 0:00:01]}
Kf8 {[%emt 0:00:01]} 33. Rb8+ {[%emt 0:00:02]} Ke7 {[%emt 0:00:01]} 34. b7 Kd7
{[%emt 0:00:02]} 35. Rg8 {[%emt 0:00:04]} Rxb7 {[%emt 0:00:01]} 36. Rxg6 {
[%emt 0:00:01]} Rb2 {[%emt 0:00:01]} 37. Ng4 {[%emt 0:00:02]} Ke7 {[%emt 0:00:
00]} 38. h4 {[%emt 0:00:02]} Rxg2+ {[%emt 0:00:03]} 39. Kxg2 Nf4+ 40. Kg3 {
[%emt 0:00:03]} Nxg6 41. h5 Nf8 {[%emt 0:00:03]} 42. Kf4 {[%emt 0:00:01]} Kf7 {
[%emt 0:00:01]} 43. Kg5 {[%emt 0:00:01]} Kg7 {[%emt 0:00:03]} 44. h6+ {[%emt 0:
00:01]} Kh8 {[%emt 0:00:02]} 45. Nf6 {[%emt 0:00:01]} e5 {[%emt 0:00:11]} 46.
Kf5 {[%emt 0:00:01]} e4 {[%emt 0:00:01]} 47. fxe4 {[%emt 0:00:02]} Ng6 {
[%emt 0:00:02]} 48. Ng4 {[%emt 0:00:05]} Nh4+ {[%emt 0:00:01]} 49. Kf6 {
[%emt 0:00:01]} Nf3 {[%emt 0:00:01]} 50. e5 Nd4 {[%emt 0:00:05]} 51. e6 {
[%emt 0:00:02]} 1-0

[Event "GER-ch Blitz 2019"]
[Site "Magdeburg"]
[Date "2019.05.25"]
[Round "4.8"]
[White "Buhmann, Rainer"]
[Black "Hirneise, Jens"]
[Result "1/2-1/2"]
[WhiteElo "2573"]
[BlackElo "2375"]
[Annotator "TA"]
[PlyCount "123"]
[EventDate "2019.05.25"]
[EventType "tourn"]
[EventCountry "GER"]
[Tiebreak "Number of wins+Number of black wins"]
[SourceTitle "playchess.com"]
[Source "ChessBase"]
[SourceQuality "1"]

{[%evp 13,123,39,23,21,15,39,25,10,16,13,25,26,33,6,24,0,0,0,0,-5,0,-24,0,-52,
0,0,37,14,51,18,35,32,63,54,143,71,66,58,61,71,71,57,70,50,132,105,85,91,83,89,
204,200,185,161,188,152,627,597,554,381,2487,326,421,426,414,397,507,532,511,
518,566,545,699,689,647,607,895,891,839,822,1114,1144,1413,1319,1103,1044,940,
131,131,0,439,131,103,112,4883,4660,4159,2522,2184,988,1991,1836,29972,29973,
29975,0,0,0,29979,29981,29982,29983]} 1. d4 Nf6 2. c4 g6 3. Nc3 Bg7 4. e4 d6 5.
Be2 O-O 6. Be3 c5 7. d5 e6 8. Nf3 {E73: King's Indian: Averbakh Variation
without 6...c5} exd5 9. cxd5 Bg4 10. Nd2 {White has an edge.} Bxe2 11. Qxe2 ({
Much weaker is} 11. Kxe2 Ng4 $15) 11... Re8 12. f3 Nfd7 13. O-O $146 ({
Predecessor:} 13. h4 Na6 14. h5 Qe7 15. hxg6 fxg6 {1-0 (28) Eljanov,P (2680)
-Moranda,W (2593) chess.com INT 2019}) 13... Na6 14. Nc4 Ne5 15. Nxe5 Bxe5 16.
Rae1 Nc7 17. a4 a6 18. a5 (18. Qd2 $11) 18... Rb8 (18... Nb5 $15 19. Nxb5 axb5)
19. Na4 Nb5 20. Nb6 (20. Qd2 {seems wilder.} Qh4 21. g3 Qh3 22. Nb6 Bg7 23. Nc4
) 20... Bd4 (20... f5 {with more complications.} 21. Nc4 Qf6 22. Nxe5 Qxe5 23.
Qd2 Rbc8) 21. Kh1 Bxe3 22. Qxe3 Nd4 {Threatening ...Nc2.} 23. Qd2 f5 ({Better
is} 23... Nb5 $1 $14) 24. exf5 (24. b4 $142) 24... Nxf5 $16 25. Re4 Qc7 26.
Rfe1 $36 {[%mdl 2048] Keeping Black busy.} Qf7 27. Qf4 Rbd8 28. Kg1 Nd4 (28...
Rxe4 $14 29. Qxe4 Kf8) 29. Qxf7+ Kxf7 30. Nc4 Rxe4 31. Rxe4 {[%mdl 4096]
Endgame KRN-KRN} Nf5 (31... Kf8 $16) 32. Re6 $18 Rd7 33. g4 Ne7 34. Rxd6 ({
Resist} 34. Nxd6+ $6 Kf8 $16) 34... Rc7 $2 (34... Ke8 $16) 35. Kf2 Nc8 36. Re6
Rd7 $2 (36... Re7 37. Rxe7+ Kxe7) 37. Re5 $2 (37. Ne5+ Kg7 38. Nxd7) 37... Nd6
38. Nxd6+ Rxd6 {KR-KR} 39. Ke3 b6 {[#]} 40. Re6 $1 {[%mdl 512]} Rxd5 (40...
Rxe6+ 41. dxe6+) 41. Rxb6 c4 42. Rxa6 Rb5 43. Kd4 Rxb2 44. Ra7+ Kf6 45. Rxh7
Ra2 46. Ra7 Rxh2 47. a6 {[%cal Ba5a6,Ba6a7][%mdl 32]} Kg5 48. Rf7 Ra2 49. a7
Ra4 50. Kc3 $2 (50. Rc7 $18 {is the precise move to win.} Kf4 51. Rf7+ Kg5 52.
Rg7) 50... Kh4 $16 51. Kd4 ({White should try} 51. Rg7 $16) 51... g5 $2 {
[%mdl 8192] [#]} (51... Kg5 $1 $11 {and Black stays safe.} 52. Ke4 Ra2) 52. Rg7
$2 (52. Rc7 $1 $18) 52... Kg3 53. Rxg5 {Threatens to win with Rg7.} Kxf3 $2 {
[%mdl 8192]} (53... Rxa7 $16 54. Rf5 Rc7) 54. Rg7 $18 Kf4 55. Kc3 Ke5 56. Rc7 (
56. Rh7 $142 Kf4 57. Rc7) 56... Kf6 57. Kd4 Kg6 58. Kc5 c3 59. Kb5 $2 (59. Kb6
{mates} Rb4+ {[#]} 60. Ka5 $1 {[%mdl 512]} Rb1 61. Rxc3 Ra1+ 62. Kb6 Rb1+ 63.
Kc6 Ra1 64. Kb6 Rb1+ 65. Kc6) 59... Ra1 $11 60. Kb6 Kg5 $2 {[%mdl 8192]} (60...
Rb1+ $11 61. Ka6 Ra1+ 62. Kb7 Rb1+ 63. Ka8 Rc1) 61. Rxc3 Kxg4 62. Rc5 {[%mdl
32768] Accuracy: White = 50%, Black = 34%. . An unexpected result.} 1/2-1/2

[Event "GER-ch Blitz 2019"]
[Site "Magdeburg"]
[Date "2019.05.25"]
[Round "4.9"]
[White "Stern, Rene"]
[Black "Baskin, Robert"]
[Result "1/2-1/2"]
[WhiteElo "2538"]
[BlackElo "2398"]
[Annotator "TA"]
[PlyCount "42"]
[EventDate "2019.05.25"]
[EventType "tourn"]
[EventCountry "GER"]
[Tiebreak "Number of wins+Number of black wins"]
[SourceTitle "playchess.com"]
[Source "ChessBase"]
[SourceQuality "1"]

{[%evp 16,42,12,2,0,0,0,-30,-31,-33,9,-19,-15,-8,-16,-22,-8,-10,-10,-10,-10,
-13,-10,-18,-7,-15,-18,-16,0]} 1. Nf3 Nf6 2. c4 e6 3. Nc3 d5 4. d4 Be7 5. Bg5
h6 6. Bxf6 Bxf6 7. e3 O-O 8. Qd2 dxc4 9. Bxc4 c5 {D55: Queen's Gambit Declined:
4 Bg5 Be7: Lines without ...h6 and 6...h6 7 Bxf6} 10. Rd1 (10. dxc5 Nd7 11. Ne4
Be7 12. c6 Nb6 13. Bd3 bxc6 14. O-O c5 15. Rfd1 Bb7 16. Rac1 c4 17. Bb1 Qxd2
18. Nexd2 {1/2-1/2 (34) Adhiban,B (2666)-Cheparinov,I (2689) Doha 2016}) 10...
cxd4 11. Nxd4 $146 ({Predecessor:} 11. exd4 Nc6 12. O-O b6 13. Qf4 Na5 14. Bd3
Bb7 15. Ne5 Bxe5 16. dxe5 Qg5 17. Qxg5 hxg5 {1/2-1/2 (41) Cramling,P (2563)
-Akesson,R (2451) Sweden 2003}) 11... Bd7 {Black has an edge.} 12. Ne4 Nc6 (
12... Be7 {seems wilder.} 13. a3 Qb6 14. O-O Rd8 15. Qc3 Ba4) 13. Nxf6+ {
The position is equal.} Qxf6 14. O-O Rfd8 15. Nf3 Ne5 16. Nxe5 Qxe5 17. Be2 Qf6
{[#] Hoping for ...Ba4.} 18. Qd4 Qxd4 19. Rxd4 {Threatens to win with Rfd1.}
Bc6 20. Rfd1 Rxd4 21. Rxd4 Kf8 1/2-1/2